| 000 | 00745nam a22002297a 4500 | ||
|---|---|---|---|
| 003 | GBCCL | ||
| 005 | 20251106141432.0 | ||
| 008 | 251106b |||||||| |||| 00| 0 eng d | ||
| 020 | _a9781883906139 | ||
| 020 | _a188390613X | ||
| 040 | _cGBC | ||
| 082 |
_a253.7 _bGEO 1 |
||
| 245 |
_aNine keys to effective small group leadership : _bhow lay leaders can establish dynamic and healthy cells, classes, or teams / _cCarl F. George, Warren Bird |
||
| 260 |
_aMansfield, Penn. : _bKingdom Pub., _c©1997 |
||
| 300 |
_axvi, 216 pages : illustrations ; _b23 cm |
||
| 650 | _aChurch development, New | ||
| 650 | _a Church group work | ||
| 650 | _aChurch growth | ||
| 650 | _aChurch work | ||
| 650 | _aPastoral theology | ||
| 942 |
_2ddc _cBK _n0 |
||
| 999 |
_c10983 _d10983 |
||